000
00330 a2200157 4500
001
62048
020
_a
8500021128
040
_c
Anchieta - Pituba
100
_a
Gomes, Dias
240
1
0
_a
O santo inquérito
_l
por
245
1
0
_a
O santo inquérito
300
_a
151
362
0
_a
2006
650
4
_a
Drama brasileiro
942
_c
BK
999
_c
62048
_d
62048